Statistics for Movie Series Quiz

Click here to take the quiz!

General Stats

  • This quiz has been taken 42,565 times
    (24,620 since last reset)
  • The average score is 17 of 24

Answer Stats

Title Series % Correct
Goblet of Fire, Chamber of SecretsHarry Potter
97%
Fellowship of the Ring, Two TowersLord of the Rings
95%
Curse of the Black Pearl,
Dead Man's Chest
Pirates of the
Caribbean
95%
Returns, Forever, BeginsBatman
93%
Raiders of the Lost Ark, Temple of Doom,Indiana Jones
93%
Goldfinger, MoonrakerJames Bond
92%
Tokyo Drift, Fast FiveFast and the
Furious
91%
New Moon, Breaking DawnTwilight
90%
Identity, SupremacyBourne
86%
Resurrection, vs. PredatorAlien
84%
Judgment Day, Rise of the MachinesTerminator
80%
Holy Grail, Life of Brian, Meaning of LifeMonty Python
76%
International Man of Mystery, GoldmemberAustin Powers
75%
Reloaded, RevolutionsThe Matrix
74%
With a Vengeance, Live FreeDie Hard
74%
Wrath of Khan, Voyage HomeStar Trek
72%
Last Stand, First ClassX-Men
67%
Voyage of the Dawn Treader,
Prince Caspian
Chronicles of
Narnia
66%
Revenge of the Fallen, Dark of the MoonTransformers
64%
Beneath the, Escape from the, Rise of thePlanet of the Apes
54%
Saves Christmas, Goes to CampErnest
36%
Magnum Force, Sudden ImpactDirty Harry
27%
Family Reunion, Witness ProtectionMadea
27%
Curse of the, Trail of the, Strikes AgainPink Panther
20%

Score Distribution

Percentile by Number Answered

Percent of People with Each Score

Your Score History

You have not taken this quiz since the last reset